<?xml version="1.0" encoding="UTF-8"?>
<record
    xmlns:xsi="http://www.w3.org/2001/XMLSchema-instance"
    xsi:schemaLocation="http://www.loc.gov/MARC21/slim http://www.loc.gov/standards/marcxml/schema/MARC21slim.xsd"
    xmlns="http://www.loc.gov/MARC21/slim">

  <leader>00974nam a2200241 a 4500</leader>
  <controlfield tag="001">77822</controlfield>
  <controlfield tag="003">BD-RjUL</controlfield>
  <controlfield tag="005">20211209083031.0</controlfield>
  <controlfield tag="008">210124s1984    pak||||| |||| 00| 0 ara d</controlfield>
  <datafield tag="035" ind1=" " ind2=" ">
    <subfield code="a">(BD-RjUL)78048</subfield>
  </datafield>
  <datafield tag="040" ind1=" " ind2=" ">
    <subfield code="a">BD-RjUL</subfield>
    <subfield code="b">eng</subfield>
    <subfield code="c">BD-RjUL</subfield>
    <subfield code="d">BD-RjUL</subfield>
  </datafield>
  <datafield tag="041" ind1=" " ind2=" ">
    <subfield code="a">ara</subfield>
  </datafield>
  <datafield tag="082" ind1=" " ind2=" ">
    <subfield code="2">23</subfield>
    <subfield code="a">297.09021</subfield>
    <subfield code="b">IBB 1984</subfield>
  </datafield>
  <datafield tag="100" ind1="1" ind2=" ">
    <subfield code="a">&#x627;&#x628;&#x646; &#x643;&#x62B;&#x64A;&#x631; &#x625;&#x633;&#x645;&#x627;&#x639;&#x64A;&#x644; &#x628;&#x646; &#x639;&#x645;&#x631; &#x627;&#x644;&#x62F;&#x645;&#x634;&#x642;&#x64A;  </subfield>
    <subfield code="9">243831</subfield>
  </datafield>
  <datafield tag="245" ind1="1" ind2="4">
    <subfield code="a">&#x627;&#x644;&#x628;&#x62F;&#x64A;&#x629; &#x648;&#x627;&#x644;&#x646;&#x647;&#x627;&#x64A;&#x629;  : &#x641;&#x649; &#x627;&#x644;&#x62A;&#x627;&#x631;&#x64A;&#x62E;   [Al Bedya W Al Nehaya : fi at Tarikh] /</subfield>
    <subfield code="c"> &#x627;&#x628;&#x646; &#x643;&#x62B;&#x64A;&#x631; &#x625;&#x633;&#x645;&#x627;&#x639;&#x64A;&#x644; &#x628;&#x646; &#x639;&#x645;&#x631; &#x627;&#x644;&#x62F;&#x645;&#x634;&#x642;&#x64A;  Ibn Kasir Ismail bin omar Al-Demasky </subfield>
  </datafield>
  <datafield tag="264" ind1=" " ind2=" ">
    <subfield code="a">Pakistan :</subfield>
    <subfield code="b">Almaktubatul al quddusiya ,</subfield>
    <subfield code="c">1984</subfield>
  </datafield>
  <datafield tag="300" ind1=" " ind2=" ">
    <subfield code="a">14 v. ;</subfield>
    <subfield code="c">26 p. ;</subfield>
  </datafield>
  <datafield tag="505" ind1=" " ind2=" ">
    <subfield code="a">Vol. 1-14</subfield>
  </datafield>
  <datafield tag="600" ind1=" " ind2=" ">
    <subfield code="a">&#x627;&#x628;&#x646; &#x643;&#x62B;&#x64A;&#x631; &#x625;&#x633;&#x645;&#x627;&#x639;&#x64A;&#x644; &#x628;&#x646; &#x639;&#x645;&#x631; &#x627;&#x644;&#x62F;&#x645;&#x634;&#x642;&#x64A;&#x648;&#x64A; &#x62A;&#x627;&#x631;&#x64A;&#x62E;&#x64A; &#x636;&#x62E;&#x645;&#x60C; &#x623;&#x644;&#x651;&#x641;&#x647;  . </subfield>
    <subfield code="d">&#x627;&#x644;&#x645;&#x62A;&#x648;&#x641;&#x649; &#x633;&#x646;&#x629; 774&#x647;&#x640;</subfield>
    <subfield code="9">243840</subfield>
  </datafield>
  <datafield tag="650" ind1=" " ind2=" ">
    <subfield code="a"> History</subfield>
    <subfield code="9">243833</subfield>
  </datafield>
  <datafield tag="650" ind1=" " ind2=" ">
    <subfield code="a">&#x62A;&#x627;&#x631;&#x64A;&#x62E;</subfield>
    <subfield code="9">243834</subfield>
  </datafield>
  <datafield tag="942" ind1=" " ind2=" ">
    <subfield code="2">ddc</subfield>
    <subfield code="c">BK</subfield>
  </datafield>
  <datafield tag="999" ind1=" " ind2=" ">
    <subfield code="c">77822</subfield>
    <subfield code="d">77822</subfield>
  </datafield>
  <datafield tag="952" ind1=" " ind2=" ">
    <subfield code="0">0</subfield>
    <subfield code="1">0</subfield>
    <subfield code="2">ddc</subfield>
    <subfield code="4">0</subfield>
    <subfield code="7">1</subfield>
    <subfield code="8">NFIC</subfield>
    <subfield code="a">RUCL</subfield>
    <subfield code="b">RUCL</subfield>
    <subfield code="c">Reading</subfield>
    <subfield code="d">1996-06-06</subfield>
    <subfield code="e">Sawdia kutub khanah , Dhaka</subfield>
    <subfield code="g">378.57</subfield>
    <subfield code="l">0</subfield>
    <subfield code="o">A 297.09021 IBB V-1 1984</subfield>
    <subfield code="r">2021-01-24 00:00:00</subfield>
    <subfield code="t">C-1</subfield>
    <subfield code="w">2021-12-09</subfield>
    <subfield code="y">BK</subfield>
  </datafield>
  <datafield tag="952" ind1=" " ind2=" ">
    <subfield code="0">0</subfield>
    <subfield code="1">0</subfield>
    <subfield code="2">ddc</subfield>
    <subfield code="4">0</subfield>
    <subfield code="7">1</subfield>
    <subfield code="8">NFIC</subfield>
    <subfield code="a">RUCL</subfield>
    <subfield code="b">RUCL</subfield>
    <subfield code="c">Reading</subfield>
    <subfield code="d">1996-06-06</subfield>
    <subfield code="e">Sawdia kutub khanah , Dhaka</subfield>
    <subfield code="g">378.57</subfield>
    <subfield code="l">0</subfield>
    <subfield code="o">A 297.09021 IBB V-2 1984</subfield>
    <subfield code="r">2021-01-24 00:00:00</subfield>
    <subfield code="t">C-1</subfield>
    <subfield code="w">2021-12-09</subfield>
    <subfield code="y">BK</subfield>
  </datafield>
  <datafield tag="952" ind1=" " ind2=" ">
    <subfield code="0">0</subfield>
    <subfield code="1">0</subfield>
    <subfield code="2">ddc</subfield>
    <subfield code="4">0</subfield>
    <subfield code="7">1</subfield>
    <subfield code="8">NFIC</subfield>
    <subfield code="a">RUCL</subfield>
    <subfield code="b">RUCL</subfield>
    <subfield code="c">Reading</subfield>
    <subfield code="d">1996-06-06</subfield>
    <subfield code="e">Sawdia kutub khanah , Dhaka</subfield>
    <subfield code="g">378.57</subfield>
    <subfield code="l">0</subfield>
    <subfield code="o">A 297.09021 IBB V-3 1984</subfield>
    <subfield code="r">2021-01-24 00:00:00</subfield>
    <subfield code="t">C-1</subfield>
    <subfield code="w">2021-12-09</subfield>
    <subfield code="y">BK</subfield>
  </datafield>
  <datafield tag="952" ind1=" " ind2=" ">
    <subfield code="0">0</subfield>
    <subfield code="1">0</subfield>
    <subfield code="2">ddc</subfield>
    <subfield code="4">0</subfield>
    <subfield code="7">1</subfield>
    <subfield code="8">NFIC</subfield>
    <subfield code="a">RUCL</subfield>
    <subfield code="b">RUCL</subfield>
    <subfield code="c">Reading</subfield>
    <subfield code="d">1996-06-06</subfield>
    <subfield code="e">Sawdia kutub khanah , Dhaka</subfield>
    <subfield code="g">378.57</subfield>
    <subfield code="l">0</subfield>
    <subfield code="o">A 297.09021 IBB V-4 1984</subfield>
    <subfield code="r">2021-01-24 00:00:00</subfield>
    <subfield code="t">C-1</subfield>
    <subfield code="w">2021-12-09</subfield>
    <subfield code="y">BK</subfield>
  </datafield>
  <datafield tag="952" ind1=" " ind2=" ">
    <subfield code="0">0</subfield>
    <subfield code="1">0</subfield>
    <subfield code="2">ddc</subfield>
    <subfield code="4">0</subfield>
    <subfield code="7">1</subfield>
    <subfield code="8">NFIC</subfield>
    <subfield code="a">RUCL</subfield>
    <subfield code="b">RUCL</subfield>
    <subfield code="c">Reading</subfield>
    <subfield code="d">1996-06-06</subfield>
    <subfield code="e">Sawdia kutub khanah , Dhaka</subfield>
    <subfield code="g">378.57</subfield>
    <subfield code="l">0</subfield>
    <subfield code="o">A 297.09021 IBB V-5 1984</subfield>
    <subfield code="r">2021-01-24 00:00:00</subfield>
    <subfield code="t">C-1</subfield>
    <subfield code="w">2021-12-09</subfield>
    <subfield code="y">BK</subfield>
  </datafield>
  <datafield tag="952" ind1=" " ind2=" ">
    <subfield code="0">0</subfield>
    <subfield code="1">0</subfield>
    <subfield code="2">ddc</subfield>
    <subfield code="4">0</subfield>
    <subfield code="7">1</subfield>
    <subfield code="8">NFIC</subfield>
    <subfield code="a">RUCL</subfield>
    <subfield code="b">RUCL</subfield>
    <subfield code="c">Reading</subfield>
    <subfield code="d">1996-06-06</subfield>
    <subfield code="e">Sawdia kutub khanah , Dhaka</subfield>
    <subfield code="g">378.57</subfield>
    <subfield code="l">0</subfield>
    <subfield code="o">A 297.09021 IBB V-61984</subfield>
    <subfield code="r">2021-01-24 00:00:00</subfield>
    <subfield code="t">C-1</subfield>
    <subfield code="w">2021-12-09</subfield>
    <subfield code="y">BK</subfield>
  </datafield>
  <datafield tag="952" ind1=" " ind2=" ">
    <subfield code="0">0</subfield>
    <subfield code="1">0</subfield>
    <subfield code="2">ddc</subfield>
    <subfield code="4">0</subfield>
    <subfield code="7">1</subfield>
    <subfield code="8">NFIC</subfield>
    <subfield code="a">RUCL</subfield>
    <subfield code="b">RUCL</subfield>
    <subfield code="c">Reading</subfield>
    <subfield code="d">1996-06-06</subfield>
    <subfield code="e">Sawdia kutub khanah , Dhaka</subfield>
    <subfield code="g">378.57</subfield>
    <subfield code="l">0</subfield>
    <subfield code="o">A 297.09021 IBB V-7 1984</subfield>
    <subfield code="r">2021-01-24 00:00:00</subfield>
    <subfield code="t">C-1</subfield>
    <subfield code="w">2021-12-09</subfield>
    <subfield code="y">BK</subfield>
  </datafield>
  <datafield tag="952" ind1=" " ind2=" ">
    <subfield code="0">0</subfield>
    <subfield code="1">0</subfield>
    <subfield code="2">ddc</subfield>
    <subfield code="4">0</subfield>
    <subfield code="7">1</subfield>
    <subfield code="8">NFIC</subfield>
    <subfield code="a">RUCL</subfield>
    <subfield code="b">RUCL</subfield>
    <subfield code="c">Reading</subfield>
    <subfield code="d">1996-06-06</subfield>
    <subfield code="e">Sawdia kutub khanah , Dhaka</subfield>
    <subfield code="g">378.57</subfield>
    <subfield code="l">0</subfield>
    <subfield code="o">A 297.09021 IBB V-8 1984</subfield>
    <subfield code="r">2021-01-24 00:00:00</subfield>
    <subfield code="t">C-1</subfield>
    <subfield code="w">2021-12-09</subfield>
    <subfield code="y">BK</subfield>
  </datafield>
  <datafield tag="952" ind1=" " ind2=" ">
    <subfield code="0">0</subfield>
    <subfield code="1">0</subfield>
    <subfield code="2">ddc</subfield>
    <subfield code="4">0</subfield>
    <subfield code="7">1</subfield>
    <subfield code="8">NFIC</subfield>
    <subfield code="a">RUCL</subfield>
    <subfield code="b">RUCL</subfield>
    <subfield code="c">Reading</subfield>
    <subfield code="d">1996-06-06</subfield>
    <subfield code="e">Sawdia kutub khanah , Dhaka</subfield>
    <subfield code="g">378.57</subfield>
    <subfield code="l">0</subfield>
    <subfield code="o">A 297.09021 IBB V-91984</subfield>
    <subfield code="r">2021-01-24 00:00:00</subfield>
    <subfield code="t">C-1</subfield>
    <subfield code="w">2021-12-09</subfield>
    <subfield code="y">BK</subfield>
  </datafield>
  <datafield tag="952" ind1=" " ind2=" ">
    <subfield code="0">0</subfield>
    <subfield code="1">0</subfield>
    <subfield code="2">ddc</subfield>
    <subfield code="4">0</subfield>
    <subfield code="7">1</subfield>
    <subfield code="8">NFIC</subfield>
    <subfield code="a">RUCL</subfield>
    <subfield code="b">RUCL</subfield>
    <subfield code="c">Reading</subfield>
    <subfield code="d">1996-06-06</subfield>
    <subfield code="e">Sawdia kutub khanah , Dhaka</subfield>
    <subfield code="g">378.57</subfield>
    <subfield code="l">0</subfield>
    <subfield code="o">A 297.09021 IBB V-10 1984</subfield>
    <subfield code="r">2021-01-24 00:00:00</subfield>
    <subfield code="t">C-1</subfield>
    <subfield code="w">2021-12-09</subfield>
    <subfield code="y">BK</subfield>
  </datafield>
  <datafield tag="952" ind1=" " ind2=" ">
    <subfield code="0">0</subfield>
    <subfield code="1">0</subfield>
    <subfield code="2">ddc</subfield>
    <subfield code="4">0</subfield>
    <subfield code="7">1</subfield>
    <subfield code="8">NFIC</subfield>
    <subfield code="a">RUCL</subfield>
    <subfield code="b">RUCL</subfield>
    <subfield code="c">Reading</subfield>
    <subfield code="d">1996-06-06</subfield>
    <subfield code="e">Sawdia kutub khanah , Dhaka</subfield>
    <subfield code="g">378.57</subfield>
    <subfield code="l">0</subfield>
    <subfield code="o">A 297.09021 IBB V-11 1984</subfield>
    <subfield code="r">2021-01-24 00:00:00</subfield>
    <subfield code="t">C-1</subfield>
    <subfield code="w">2021-12-09</subfield>
    <subfield code="y">BK</subfield>
  </datafield>
  <datafield tag="952" ind1=" " ind2=" ">
    <subfield code="0">0</subfield>
    <subfield code="1">0</subfield>
    <subfield code="2">ddc</subfield>
    <subfield code="4">0</subfield>
    <subfield code="7">1</subfield>
    <subfield code="8">NFIC</subfield>
    <subfield code="a">RUCL</subfield>
    <subfield code="b">RUCL</subfield>
    <subfield code="c">Reading</subfield>
    <subfield code="d">1996-06-06</subfield>
    <subfield code="e">Sawdia kutub khanah , Dhaka</subfield>
    <subfield code="g">378.57</subfield>
    <subfield code="l">0</subfield>
    <subfield code="o">A 297.09021 IBB V-12 1984</subfield>
    <subfield code="r">2021-01-24 00:00:00</subfield>
    <subfield code="t">C-1</subfield>
    <subfield code="w">2021-12-09</subfield>
    <subfield code="y">BK</subfield>
  </datafield>
  <datafield tag="952" ind1=" " ind2=" ">
    <subfield code="0">0</subfield>
    <subfield code="1">0</subfield>
    <subfield code="2">ddc</subfield>
    <subfield code="4">0</subfield>
    <subfield code="7">1</subfield>
    <subfield code="8">NFIC</subfield>
    <subfield code="a">RUCL</subfield>
    <subfield code="b">RUCL</subfield>
    <subfield code="c">Reading</subfield>
    <subfield code="d">1996-06-06</subfield>
    <subfield code="e">Sawdia kutub khanah , Dhaka</subfield>
    <subfield code="g">378.57</subfield>
    <subfield code="l">0</subfield>
    <subfield code="o">A 297.09021 IBB V-13 1984</subfield>
    <subfield code="r">2021-01-24 00:00:00</subfield>
    <subfield code="t">C-1</subfield>
    <subfield code="w">2021-12-09</subfield>
    <subfield code="y">BK</subfield>
  </datafield>
  <datafield tag="952" ind1=" " ind2=" ">
    <subfield code="0">0</subfield>
    <subfield code="1">0</subfield>
    <subfield code="2">ddc</subfield>
    <subfield code="4">0</subfield>
    <subfield code="7">1</subfield>
    <subfield code="8">NFIC</subfield>
    <subfield code="a">RUCL</subfield>
    <subfield code="b">RUCL</subfield>
    <subfield code="c">Reading</subfield>
    <subfield code="d">1996-06-06</subfield>
    <subfield code="e">Sawdia kutub khanah , Dhaka</subfield>
    <subfield code="g">378.57</subfield>
    <subfield code="l">0</subfield>
    <subfield code="o">A 297.09021 IBB V-14 1984</subfield>
    <subfield code="r">2021-01-24 00:00:00</subfield>
    <subfield code="t">C-1</subfield>
    <subfield code="w">2021-12-09</subfield>
    <subfield code="y">BK</subfield>
  </datafield>
</record>
